| 000 | 00964cam a22002054a 4500 | ||
|---|---|---|---|
| 005 | 20250605164059.0 | ||
| 008 | 250528s ||||||||||||||||||||||||d | ||
| 035 | _a17552 | ||
| 020 | _a813808316 | ||
| 040 |
_aGR-AtMCL _bgre _dGR-AtMCL _eAACR2 |
||
| 245 | 1 | _aAn Outline of the Infectious Diseases of Domestic Animals / Third Edition | |
| 260 |
_bIowa State University Press, _c1981 |
||
| 300 | _a482 | ||
| 520 | _aIntroduction Synonyms, Definition, History,, Etiology, Epizootiology, Distribution, Transmission, Susceptible Hosts, Factors Influencing Susceptibility, Symptomatology, Pathology, Pathogenesis, Postmortem Lesions, Differential Pathology, Diagnosis, Field, Laboratory, Prognosis, Treatment, Prophylaxis, State and Federal Regulations, Public Health Relationships, Selected References for Additional Study. | ||
| 700 | 1 |
_aBarner Ralph David _93699 |
|
| 700 | 1 |
_aMerchant Ival Arthur _93700 |
|
| 942 | _cBK | ||
| 999 |
_c2956 _d2956 |
||